000 00786nam a22002297a 4500
005 20251108174547.0
008 250721s2005 xx 000 0 ara d
020 _a995736023x
082 1 4 _aط/005.3/عزة
100 1 _aالعزة، فراس محمد
_eمؤلف
245 1 0 _aباور بوينت ميكروسوفت العروض التقديمية /
264 1 _aعمان :
_bدار عالم الثقافة للنشر والتوزيع،
_c2005.
300 _a154ص
490 0 _aالمهارات العلمية في
650 1 7 _aالحواسيب
650 1 7 _aبرامج الحواسيب
653 _aناشاون كبار (15-18) سنه
700 1 _aغنمة، فادي محمد
700 1 _aأبوذياب، إبراهيم
942 _2ddc
_cBK
999 _c112286
_d112286